00759 2200301 4500001002100000005001500021035002000036007000300056040001700059100002700076245003200103250001200135300002800147020001700175041000800192082000800200084001400208090001900222264003900241336002100280337003000301338002300331650002000354850001000374008004100384990001600425990001600441INLIS00000000000791720260529113955 a0010-0922000406ta aSBPUPADbind0 aTamar DjajaePengarang1 aAdi Teruna /cTamar Djaja ; a.-cet.4 a61 hlm :bilus. ;c21cm a979-666146-2 aind a813 a813 TAM q a813 TAM q 24-8 a.--Jakarta :bBalai Pustaka,c2003 2rdacontentateks 2rdamediaatanpa perantara 2rdacarrieravolume 4aFiksi Anak-Anak aPUPAD260529 1  a4571/B-2009 a4570/B-2009